Až moc dobře /

Romantický příběh odehrávající se na venkovském maloměstě Ember Falls.

Uloženo v:
Série:Ember Falls, část 1
Hlavní autor: Michaels, Corinne (Autor)
Další autoři: Dresia, Ivana (Autor)
Médium: Kniha
Jazyk:Czech
Vydáno: V Praze : Baronet, 2026
Vydání:1. vydání
Témata:
Celkem bylo vypůjčeno:0x
Příbuzné jednotky:Z cyklu:: Ember Falls
Tagy:
Žádné tagy
LEADER 02127nam a2200421 i 4500
001 106473
003 CZ PrNK
005 20260604143940.0
007 ta
008 260527s2026 xr g 000 f cze
015 |a cnb003760606 
020 |a 9788026929062  |q (brožováno) :  |c Kč 449,00 
040 |a ABG001  |b cze  |e rda 
041 1 |a cze  |h eng 
072 7 |a 821.111(73)-3  |x Americká próza  |2 Konspekt  |9 25 
080 |a 821.111(73)-31  |2 MRF 
080 |a (0:82-31)-055.2  |2 MRF 
100 1 |a Michaels, Corinne  |7 xx0345799  |4 aut  |9 117421 
240 1 0 |a All too well.  |l Česky 
245 1 0 |a Až moc dobře /  |c Corinne Michaels ; z anglického originálu All too well ... přeložila Ivana Dresia 
250 |a 1. vydání 
264 1 |a V Praze :  |b Baronet,  |c 2026 
300 |a 358 stran ;  |c 20 cm 
336 |a text  |b txt  |2 rdacontent 
337 |a bez média  |b n  |2 rdamedia 
338 |a svazek  |b nc  |2 rdacarrier 
520 2 |a Romantický příběh odehrávající se na venkovském maloměstě Ember Falls.  |b Lachlan West byl odjakživa nejlepším přítelem mého bratra a láskou mého života. Problém však je, že mě před čtyřmi lety políbil a od té doby se mnou nepromluvil. Dlouho se mi dařilo předstírat, že neexistuje, pak jsem ale dostala za úkol napsat článek o bývalých vysokoškolských sportovcích a hlavním hrdinou mého příběhu má být právě tento sexy svobodný otec. Odhodlaná ohromit šéfredaktora úžasným článkem se vydávám do Ember Falls, připravená čelit svým strachům – a muži, kterého miluji. Nakladatelská anotace. 
655 7 |a americké romány  |7 fd131796  |2 czenas  |9 53403 
655 7 |a romány pro ženy  |7 fd187897  |2 czenas  |9 115 
655 9 |a American fiction  |2 eczenas 
655 9 |a women's novels  |2 eczenas 
700 1 |a Dresia, Ivana  |7 xx0235996  |4 trl  |9 110008 
710 2 |a Baronet (nakladatelství)  |7 xx0220126  |4 pbl  |9 117170 
787 0 8 |i Z cyklu:  |t Ember Falls  |g 1 
910 |a UOG502 
942 |2 ddc  |c KN 
999 |d 106473 
993 |0 0  |1 421180107192  |2 ddc  |4 0  |7 0  |9 99916  |b 0  |c 107192  |d 2026-06-04  |e 0  |f DOSP  |h 449.00  |i Koupě  |l DOSP  |r 2026-06-04  |t 6  |w 2026-06-04  |y KN  |z BELET  |n